Sports Quiz

Random Sports Quiz

Top 10 SGs (active) Quiz Stats

 Plays Quiz not verified by Sporcle

Score 0/10 Timer 05:00
0 Plays Today
Hint Answer % Correct
GSKlay Thompson
100%
HOUJames Harden
98.5%
TORDemar Derozan
97.1%
MIA/CHIDwyane Wade
97.1%
CHIJimmy Butler
95.6%
MINAndrew Wiggins
86.8%
ORL/OKCVictor Oladipo
85.3%
PORC.J. McCollum
85.3%
MILKhris Middleton
67.6%
LACJ.J. Reddick
67.6%

You're not logged in!

Compare scores with friends on all Sporcle quizzes.
OR
Log In

Sporcle TV

Today on Sporcle TV


Watch our educational content, quiz creation guides, and fun videos on Sporcle TV.

Show Comments

Extras

Created Aug 10, 2016ReportNominate
Tags:Active, Top 10

Top Quizzes Today


Score Distribution

Your Account Isn't Verified!

In order to create a playlist on Sporcle, you need to verify the email address you used during registration. Go to your Sporcle Settings to finish the process.

Report this User

Report this user for behavior that violates our Community Guidelines.

Details: